2000s NBA Legends - Statistics

General Stats
  • This quiz has been taken 202 times
  • The average score is 15 of 16
Answer Stats
Picture Answer % Correct
Kobe Bryant
100%
LeBron James
98%
Shaquille O'Neal
98%
Dirk Nowitzki
97%
Allen Iverson
96%
Tim Duncan
96%
Dwyane Wade
94%
Kevin Garnett
94%
Steve Nash
94%
Vince Carter
92%
Jason Kidd
90%
Paul Pierce
90%
Dwight Howard
87%
Tony Parker
86%
Tracy McGrady
84%
Ray Allen
79%
No matching quizzes found
Score Distribution
Percent of People with Each Score
Percentile by Number Answered
Your Score History
You have not taken this quiz